01685nam a22002657a 450000500170000000800410001702200140005804000140007221000090008622200390009524500470013426000400018130000220022131000220024336200430026550003390030850501770064750502110082450500870103565000370112265000560115994200170121599900170123295201700124920260507115359.0260507b |||||||| |||| 00| 0 eng d a0261-1929 aMMSUcULS aATLA aAlternatives to Laboratory Animals aATLA :bAlternatives to Laboratory Animals aLondon: bSage Publications,c2025- avolumes ;c28 cm. aSix times a year. aVolume 53, Number 4 (July 2025- ) aATLA is a peer-reviewed journal, intended to cover all aspects of the development, validation, implementation and use of alternatives to laboratory animals in biomedical research and toxicity testing. In addition to the replacement of animals, it also covers work that aims to reduce the number of animals used and refine the in vivo  tXeno-free alternatives to the use of fetal bovine serum in head and neck cancer explant culture (pp. 188–202) /rAlexya Azhakesan, Elena Seiz, […], and Annette Affolter tDetermining the pathogenicity of uropathogenic Escherichia coli strains in the Galleria mellonella larvae model (pp. 203–214) /rGabriela Zottis Chitolina, Thales Quedi Furian,and Carlos Tadeu Pippi Salle tBreaking down the barriers to animal-free research (pp. 215–231) /rLauren Hope  aBiomedical researchvPeriodicals aAnimals as alternatives in laboratoiesvPeriodicals 2lcccSERIALS c29092d29092 00102ddc4070aMMSU_MAINbMMSU_MAINcSERIALS (Foreign)d2026-05-07hVolume 53, Number 4 (July 2025)l0pSERIALS-165r2026-05-07w2026-05-07ySERIALSzROOM USE ONLY